Diario de un patriota complutense en la Guerra de la Independencia / (Record no. 161319)

MARC details
000 -LEADER
campo de control de longitud fija 01147nam a2200253 i 4500
001 - NÚMERO DE CONTROL
campo de control 161319
003 - IDENTIFICADOR DE NÚMERO DE CONTROL
campo de control ES-MaACL
005 - FECHA Y HORA DE LA ÚLTIMA TRANSACCIÓN
campo de control 20250802094052.0
008 - DATOS DE LONGITUD FIJA--INFORMACIÓN GENERAL
campo de control de longitud fija 980128s1894 sp |||| |dspa d
100 1# - ENTRADA PRINCIPAL--NOMBRE DE PERSONA
Nombre de persona Palomar, Juan Domingo.
9 (RLIN) 130806
245 10 - MENCIÓN DEL TÍTULO
Título Diario de un patriota complutense en la Guerra de la Independencia /
Mención de responsabilidad, etc. con un prólogo y notas de J.C. G.
260 ## - PUBLICACIÓN, DISTRIBUCIÓN, ETC.
Lugar de publicación, distribución, etc. Madrid :
Nombre del editor, distribuidor, etc. [s.n.],
Fecha de publicación, distribución, etc. 1894 (
Fabricante Tip. de los Hijos de M.G. Hernández)
300 ## - DESCRIPCIÓN FÍSICA
Extensión 120 p. ;
Dimensiones 23 cm.
500 ## - NOTA GENERAL
Nota general Cronología: p. [111]-120.
530 ## - NOTA DISPONIBLE DE FORMULARIO FÍSICO ADICIONAL
Nota de formato físico adicional disponible Disponible en formato digital.
594 ## - Nota al título y mención de responsabilidad
Nota al título y mención de responsabilidad El autor consta en p. 13.
600 14 - PUNTO DE ACCESO ADICIONAL DE MATERIA--NOMBRE DE PERSONA
Nombre de persona Palomar, Juan Domingo.
9 (RLIN) 130806
651 #4 - PUNTO DE ACCESO ADICIONAL DE MATERIA--NOMBRE GEOGRÁFICO
Nombre geográfico España-
Subdivisión general Historia-
Subdivisión cronológica 1808-1814, Guerra de la Independencia-
Subdivisión de forma Relatos personales.
9 (RLIN) 138809
651 #4 - PUNTO DE ACCESO ADICIONAL DE MATERIA--NOMBRE GEOGRÁFICO
Nombre geográfico Alcalá de Henares-
Subdivisión general Historia-
Subdivisión cronológica S.XIX.
9 (RLIN) 145011
700 1# - ENTRADA AGREGADA--NOMBRE PERSONAL
Nombre de persona García, Juan Catalina,
Fechas asociadas al nombre 1845-1911
9 (RLIN) 54060
852 ## - LOCALIZACIÓN
Ubicación ES-MaACL
Número de control de estantería T-812-F-7
Nota libre - Enc. hol. conservando cub. original
-- . - Ded. ms. del Juan Catalina García
-- - Enc. en un vol. facticio
856 ## - LOCALIZACIÓN Y ACCESO ELECTRÓNICOS
Identificador Uniforme de Recursos <a href="http://bdh-rd.bne.es/viewer.vm?id=0000247073&page=1 ">http://bdh-rd.bne.es/viewer.vm?id=0000247073&page=1 </a>
Nota pública Biblioteca Digital Hispánica
Holdings
Estatus retirado Estado de pérdida Estado de daño No para préstamo Colección Biblioteca de origen Biblioteca actual Ubicación en estantería Fecha de adquisición Total de préstamos Signatura topográfica completa Código de barras Visto por última vez Precio de reemplazo Tipo de ítem Koha
        Colección de folletos Biblioteca del Ateneo de Madrid Biblioteca del Ateneo de Madrid Depósito folletos 17/01/2008   T-812-F-7 1168970 23/02/2023 23/02/2023 Folleto